Effectif Angleterre - Coupe du Monde 2026 - Statistiques

Statistiques générales
  • Ce quiz a été pris 35 fois
  • Le résultat moyen est 18 sur 27
Statistiques - réponses
POSTE CLUB NUMERO JOUEUR % Correct
G Everton 1 Jordan Pickford
91%
ATT Arsenal 7 Bukayo Saka
85%
ATT Bayern Munich 9 Harry Kane
85%
MIL Real Madrid 10 Jude Bellingham
85%
MIL Arsenal 4 Declan Rice
79%
DEF Manchester City 5 John Stones
79%
COACH - - Thomas Tuchel
79%
ATT FC Barcelone 11 Marcus Rashford
76%
ATT Aston Villa 19 Ollie Watkins
70%
DEF Newcastle 15 Dan Burn
67%
G Crystal Palace 13 Dean Henderson
67%
MIL Brentford 14 Jordan Henderson
67%
DEF Manchester City 6 Marc Guéhi
67%
ATT Newcastle 18 Anthony Gordon
64%
MIL Manchester United 16 Kobbie Mainoo
64%
DEF Chelsea 24 Reece James
61%
DEF Aston Villa 2 Ezri Konsa
58%
ATT Al-Ahli 22 Ivan Toney
58%
G Manchester City 23 James Trafford
58%
ATT Aston Villa 17 Morgan Rogers
58%
ATT Arsenal 20 Noni Madueke
58%
MIL Arsenal 21 Eberechi Eze
55%
DEF Bayer Leverkusen 26 Jarell Quansah
55%
DEF Manchester City 3 Nico O'Reilly
55%
MIL Nottingham Forrest 8 Elliot Anderson
52%
DEF Tottenham 25 Djed Spence
48%
DEF Newcastle 12 Tino Livramento
39%
Aucun quiz correspondant
Distribution des résultats
% des personnes avec chaque résultat
Percentile par nombre de réponses
Votre historique - résultats
Vous n’avez pas pris ce quiz